| 000 | 00600nam a22002417a 4500 | ||
|---|---|---|---|
| 003 | UA-OsUOA | ||
| 001 | 29270 | ||
| 007 | ta | ||
| 008 | 20041006b un ||||| |||| 00| 0 ukr d | ||
| 090 |
_a81'35.161.2 _bУ45 |
||
| 942 | _cBK | ||
| 040 |
_aUA-OsUOA _bukr _cUA-OsUOA _dUA-OsUOA |
||
| 245 |
_aУкраїнський правопис _cРед. О. А.Дітель |
||
| 300 | _a240 с. | ||
| 955 | _a0 | ||
| 041 | _aukr | ||
| 080 | _a81'35.161.2 | ||
| 020 | _a966-00-0489-3 | ||
| 260 |
_aКиїв _bНаукова думка _c1998 |
||
| 044 | _aUA | ||
| 650 | 7 | _2UDC | |
| 999 |
_c315652 _d315652 |
||